000 nam a22 7a 4500
999 _c9264
_d9264
008 180125b ||||| |||| 00| 0 eng d
100 _aNCERT
_95520
245 _aBeehive - IX
260 _aNew Delhi
_bNCERT
_c2006